Statistics for Old names

Click here to take the quiz!

General Stats

  • This quiz has been taken 13 times
  • The average score is 6 of 15

Answer Stats

CityAnswer% Correct
Ho Chi Minh CitySaigon
90%
IstanbulConstantinople
80%
BangladeshEast Pakistan
70%
TurkeyOttoman
70%
FranceGaul
60%
SwitzerlandHelvetia
50%
LebanonPhoenicia
40%
Burkina FasoUpper Volta
40%
GermanyGermania
20%
ChinaHan
20%
SudanNubia
20%
Pakistan, Afghanistan and IndiaHarappa
10%
SpainHispania
10%
IndiaJambudvipa
10%
Iraq AreaMestopamia
10%

Score Distribution

Percentile by Number Answered

Percent of People with Each Score

Your Score History

You have not taken this quiz